| 000 | 00548nam a22002057a 4500 | ||
|---|---|---|---|
| 003 | OSt | ||
| 005 | 20140310183050.0 | ||
| 008 | 130227t xxu||||| |||| 00| 0 eng d | ||
| 020 | _a9710900005 | ||
| 050 |
_aTT 160 _b.B428 1952 |
||
| 082 |
_aFIL 745 _b.B428 1952 |
||
| 245 |
_aPhilippine creative handicrafts _cBelen, Hermogenes F. |
||
| 260 |
_aManila _bPhilippine Education Company _cc1952 |
||
| 300 |
_axv, 246 p. _bill. _c23 cm. |
||
| 521 | _aCollege | ||
| 526 | _c1210L-1700L | ||
| 541 | _j1 | ||
| 562 | _e1 | ||
| 942 |
_2lcc _cBK _kFIL |
||
| 999 |
_c18646 _d18646 |
||